000 00250nam a2200097Ia 4500
001 707639
005 20250826162512.0
008 250824s9999 xx 000 0 und d
245 0 _aKÜÇÜK PRENSES
_cFRANCES HODGSON BURNETT
260 _bTİMAŞ YAYINLARI
999 _c707639
_d707639